MARC

LEADER 00000nam0a2200000 4500
001 286766
005 20231101235926.0
035 |a (RuTPU)RU\TPU\book\311111 
090 |a 286766 
100 |a 20150310d1978 m y0rusy50 ca 
101 0 |a rus 
102 |a RU 
105 |a a z 000zy 
200 1 |a Киев - город-герой  |f Д. Ф. Григорович 
210 |a Москва  |c Воениздат  |d 1978 
215 |a 156 с.  |c ил. 
225 1 |a Города-герои 
606 1 |a Города-герои  |y Киев  |2 stltpush  |3 (RuTPU)RU\TPU\subj\66785  |9 82819 
610 1 |a история 
610 1 |a Великая Отечественная война 1941-1945 
610 1 |a боевые действия 
610 1 |a героизм 
610 1 |a партизаны 
610 1 |a подпольщики 
610 1 |a Украинский фронт 
686 |a Т3(2)622.82  |v LBC/SL-A  |2 rubbk 
700 1 |a Григорович  |b Д. Ф.  |g Дмитрий Филиппович 
801 1 |a RU  |b 63413507  |c 20150310 
801 2 |a RU  |b 63413507  |c 20170629  |g RCR 
942 |c BK